000 00608nam a2200193Ia 4500
003 GCL
008 140319s9999 xx 000 0 ara d
020 _a9790305977
040 _aGCL /
_cGCL
082 0 4 _a743.8
_bا ج
100 1 _aانجى فريد
245 1 0 _aالجمالية واثارها فى عيون اطفالها /
_cانجى فريد
260 _aالقاهرة :
_bالمجلس الاعلى للاثار ،
_c2004
300 _a28 ص ؛
_c16 سم
650 0 4 _aالرسم
650 0 4 _aالاطفال كفنانين
650 0 4 _aرسم المبانى الاثرية
942 _2ddc
_cBK
999 _c8591
_d8591